000 01048cam a22002891 4500
001 e 42000267
003 DLC
005 20260227111231.0
008 790906s1942 lau s000 0 eng c
010 _ae 42000267
035 _a(OCoLC)5347337
040 _aU.S. Off. of educ. Library
_cLU
_dLU
_dOCoLC
_dDLC
042 _apremarc
043 _an-us-la
050 0 0 _aL154
_b.B32 no. 480
082 _a379.763
110 1 _aLouisiana.
_bDepartment of Education.
245 1 0 _aWartime education in Louisiana schools.
_cIssued by John E. Coxe, state superintendent of public education.
260 _a[Baton Rouge,
_c1942]
300 _a44 p.
_c23 cm.
490 1 _aIts Bulletin
_vno. 480
500 _aAt head of title: State Dept. of education of Louisiana. February, 1942.
500 _a"Some efforts of the state Department of education relating to national defense": p.35-44.
650 0 _aEducation
_zLouisiana.
650 0 _aWorld War, 1939-1945
_zLouisiana.
810 1 _aLouisiana.
_bDepartment of Education.
_tBulletin
_vno. 480.
999 _c21887
_d21887